000
00330nam a22001337a 4500
008
180209b xxu||||| |||| 00| 0 eng d
020
_a
705005001
041
_a
eng
080
_a
321
100
_a
19
101
_a
SHP
245
_a
The Political Power of Economic Ideas Keynesianism across Nations
_c
Hall, P.A
942
_2
udc
_c
BK
999
_c
42264
_d
42264